000 00702cam a2200205 a 4500
001 000006187
005 20200929151951.0
008 730925s1968 sp 000 p spa d
040 _aDO-SdBNP
_bspa
_cBNPHU
082 _a861.2
_bM534L
100 1 _aMena, Juan de,
_d1411-1456
_917338
245 1 0 _aLaberinto de fortuna /
_cJuan de Mena ; prólogo y notas de John G. Cummins.
260 _aMadrid :
_bAnaya,
_c1968.
300 _a146 p. ;
_c17 cm.
490 1 _aBiblioteca Anaya / autores españoles
_v90
650 4 _aPoesía española
_9631
650 4 _aLiteratura española
_ySIGLO XV
_915052
700 1 _aCummins, John G.,
_epról.
_917339
830 0 _aBiblioteca Anaya /autores españoles ;
_v90
_94941
999 _c5982
_d5982